000 01273nam a2200349Ia 4500
001 Z_7019
003 CHAP
005 20230530145147.0
008 220113s2016 xx 000 0 und d
010 _a170291
040 _cCHAP
090 _aTesis G84 2595
100 _aGuerrero Ramírez, Jesús
_9126911
245 _aComportamiento productivo y calidad del huevo de gallinas en sistemas de avicultura familiar y transpatio \ Jesús Guerrero Ramírez
260 _aMéxico :
_bEl autor,
_c2016
300 _aCD
502 _aTesis (Maestro en Ciencias en Innovación Ganadera) -- UACh, 2016 \ Dirección: Mariano J. González Alcorta: asesoría; Manrrubio Muñoz Rodríguez y Agustín Ruiz Flores
650 _aAvicultura de traspatio
_9146580
650 _aCalidad del huevo
_9146581
650 _aComportamiento productivo
_9143438
650 _aDieta
_9139786
650 _aFotoperiodo
_942735
700 _a Muñoz Rodríguez, Manrrubio, asesor
_9144775
700 _a Ruiz Flores, Agustín, asesor
_9142674
700 _aGonzález Alcorta, Mariano J., director
_9144366
856 4 2 _uhttp://10.13.5.2/tesis/sist113531.pdf
_yDescargar PDF
901 _aTESIS G84 2595
902 _aA
910 _a2016
942 _c2
_2ddc
942 _c2
_2ddc
999 _c170291
_d170291